| 000 | 00681nas a22002057a 4500 | ||
|---|---|---|---|
| 001 | K121144 | ||
| 007 | ta | ||
| 008 | 191021b2019 ||||| |||| 00| 0 eng d | ||
| 041 | _aeng | ||
| 100 | _aBull, George | ||
| 245 | _aThe answer lies beneath out feet | ||
| 260 | _c2019 | ||
| 490 |
_aModus _vJune 2019, 32-34(3) |
||
| 520 | _aExamines how soil, with it's carbon-capturing capability, might be a solution to the current climate emergency. Outlines an example of carbon farming in action in California, the Marin Carbon Project. | ||
| 650 | _aCARBON FARMING | ||
| 650 | _aSOIL | ||
| 650 | _aCLIMATE CHANGE | ||
| 651 | _aUnited Kingdom 1973 | ||
| 690 |
_96238 _aEnvironment |
||
| 999 |
_c121144 _d121144 |
||